Student Solutions Manual to accompany College Algebra, Graphs and models (Record no. 2448)
[ view plain ]
| 000 -LEADER | |
|---|---|
| fixed length control field | 00850cam a2200217 a 4500 |
| 020 ## - INTERNATIONAL STANDARD BOOK NUMBER | |
| International Standard Book Number | 9780073341859 |
| 020 ## - INTERNATIONAL STANDARD BOOK NUMBER | |
| International Standard Book Number | 0073341851 |
| 050 00 - LIBRARY OF CONGRESS CALL NUMBER | |
| Classification number | QA154.2 |
| Item number | .B27 2001 |
| 100 1# - MAIN ENTRY--PERSONAL NAME | |
| Personal name | Sobecki, Dave |
| 245 10 - TITLE STATEMENT | |
| Title | Student solutions manual to accompany College algebra, graphs and models |
| Statement of responsibility, etc. | prepared by Dave Sobecki. |
| 250 ## - EDITION STATEMENT | |
| Edition statement | 3rd. ed. / |
| Remainder of edition statement | Raymond A. Barnett, Michael R. Ziegler, Karl E. Byleen. |
| 260 ## - PUBLICATION, DISTRIBUTION, ETC. (IMPRINT) | |
| Place of publication, distribution, etc. | Boston : |
| Name of publisher, distributor, etc. | McGraw Hill, |
| Date of publication, distribution, etc. | 2009. |
| 300 ## - PHYSICAL DESCRIPTION | |
| Extent | 615 p. : |
| 500 ## - GENERAL NOTE | |
| General note | ill. ; 28 cm. |
| 650 ## - SUBJECT ADDED ENTRY--TOPICAL TERM | |
| Topical term following geographic name as entry element | Algebra -- Problems, exercises, etc. Algebra -- Graphic methods -- Problems, exercises, etc. Algebra. |
| 700 1# - ADDED ENTRY--PERSONAL NAME | |
| Personal name | Ziegler, Michael R. |
| 700 1# - ADDED ENTRY--PERSONAL NAME | |
| Personal name | Byleen, Karl E. |
| 856 42 - ELECTRONIC LOCATION AND ACCESS | |
| Uniform Resource Identifier | <a href="http://www.loc.gov/catdir/enhancements/fy0668/00035143-d.html">http://www.loc.gov/catdir/enhancements/fy0668/00035143-d.html</a> |
| 856 41 - ELECTRONIC LOCATION AND ACCESS | |
| Uniform Resource Identifier | <a href="http://www.loc.gov/catdir/enhancements/fy0668/00035143-t.html">http://www.loc.gov/catdir/enhancements/fy0668/00035143-t.html</a> |
| 942 ## - ADDED ENTRY ELEMENTS (KOHA) | |
| Koha item type | General circulation |
| Withdrawn status | Lost status | Source of classification or shelving scheme | Damaged status | Not for loan | Home library | Current library | Date acquired | Cost, normal purchase price | Total Checkouts | Full call number | Barcode | Date last seen | Cost, replacement price | Koha item type | Public note | Date last checked out | Shelving location | Price effective from |
|---|---|---|---|---|---|---|---|---|---|---|---|---|---|---|---|---|---|---|
| Library of Congress Classification | Kitui Town Campus Library | Kitui Town Campus Library | 29/08/2014 | 7303.65 | QA154.2 .B27 2001 | 2025/029112 | 29/08/2014 | 7803.00 | General circulation | amm | ||||||||
| Library of Congress Classification | Kitui Town Campus Library | Kitui Town Campus Library | 03/06/2015 | 7303.00 | QA154.2 .B27 2001 | 2025/029109 | 03/06/2015 | 7803.00 | General circulation | dm | General Stacks | |||||||
| Library of Congress Classification | Main Campus Library | Main Campus Library | 29/08/2014 | 7303.65 | QA154.2 .B27 2001 | 2019/022164 | 29/08/2014 | 7803.00 | General circulation | amm | ||||||||
| Library of Congress Classification | Main Campus Library | Main Campus Library | 29/08/2014 | 7303.65 | QA154.2 .B27 2001 | 2019/022169 | 29/08/2014 | 7803.00 | General circulation | amm | ||||||||
| Library of Congress Classification | Main Campus Library | Main Campus Library | 29/08/2014 | 7303.65 | QA154.2 .B27 2009 | 010688 | 29/08/2014 | 7803.00 | General circulation | amm | ||||||||
| Library of Congress Classification | Main Campus Library | Main Campus Library | 29/08/2014 | 7303.65 | QA154.2 .B27 2001 | 2019/022166 | 29/08/2014 | 7803.00 | General circulation | amm | ||||||||
| Library of Congress Classification | Main Campus Library | Main Campus Library | 29/08/2014 | 7303.65 | QA154.2 .B27 2001 | 2019/022165 | 29/08/2014 | 7803.00 | General circulation | amm | ||||||||
| Library of Congress Classification | Main Campus Library | Main Campus Library | 29/08/2014 | 7303.65 | QA154.2 .B27 2001 | 2019/022170 | 29/08/2014 | 7803.00 | General circulation | amm | ||||||||
| Library of Congress Classification | Main Campus Library | Main Campus Library | 29/08/2014 | 7303.65 | QA154 .B27 2009 | 009651 | 29/08/2014 | 7803.00 | General circulation | amm | ||||||||
| Library of Congress Classification | Main Campus Library | Main Campus Library | 29/08/2014 | 7303.65 | QA154.2 .B27 2001 | 2019/022171 | 29/08/2014 | 7803.00 | General circulation | amm | ||||||||
| Library of Congress Classification | Main Campus Library | Main Campus Library | 29/08/2014 | 7303.65 | QA154.2 .B27 2001 | 2019/022167 | 29/08/2014 | 7803.00 | General circulation | amm | ||||||||
| Library of Congress Classification | Main Campus Library | Main Campus Library | 29/08/2014 | 7303.65 | QA154.2 .B27 2001 | 2019/022168 | 29/08/2014 | 7803.00 | General circulation | amm | ||||||||
| Library of Congress Classification | Main Campus Library | Main Campus Library | 29/08/2014 | 7303.65 | QA154.2 .B27 2001 | 2019/022172 | 29/08/2014 | 7803.00 | General circulation | amm | ||||||||
| Library of Congress Classification | Main Campus Library | Main Campus Library | 29/08/2014 | 7303.65 | 1 | QA154.2 .B27 2001 | 2019/022173 | 17/02/2015 | 7803.00 | General circulation | amm | 10/02/2015 | ||||||
| Library of Congress Classification | Mtito Andei Centre Library | Mtito Andei Centre Library | 29/08/2014 | 7303.65 | QA154.2 .B27 2001 | 009653 | 29/08/2014 | 7803.00 | General circulation | amm | ||||||||
| Library of Congress Classification | SEHSS - Library | SEHSS - Library | 29/08/2014 | 7303.65 | [EHS] QA 154.2 .B27 2001 | 2021/025576 | 29/08/2014 | 7803.00 | General circulation | amm | ||||||||
| Library of Congress Classification | SEHSS - Library | SEHSS - Library | 29/08/2014 | 7303.65 | [EHS] QA 154.2 .B27 2001 | 2021/025577 | 29/08/2014 | 7803.00 | General circulation | amm | ||||||||
| Library of Congress Classification | SEHSS - Library | SEHSS - Library | 22/06/2016 | 7303.65 | [EHS] QA 154.2 .B27 2001 | 2021/025578 | 22/06/2016 | 7803.00 | General circulation | PM | General Stacks | 22/06/2016 | ||||||
| Library of Congress Classification | Wote Campus Library | Wote Campus Library | 29/08/2014 | 7303.65 | QA154.2 .B27 2001 | 2024/028060 | 29/08/2014 | 7803.00 | General circulation | amm | ||||||||
| Library of Congress Classification | Wote Campus Library | Wote Campus Library | 20/03/2015 | 7303.65 | QA154.2 .B27 2001 | 2024/028059 | 20/03/2015 | 7803.00 | General circulation | General Stacks | 20/03/2015 |